|
|
|
|
| LEADER |
01046nam a2200277 u 4500 |
| 001 |
10020606 |
| 003 |
upatras |
| 005 |
20210117205445.0 |
| 008 |
990226s1998 us eng |
| 020 |
|
|
|a 0070579539
|
| 040 |
|
|
|a GR-PaULI
|c GR-PaULI
|
| 041 |
0 |
|
|a eng
|
| 082 |
0 |
4 |
|a 338.5
|
| 100 |
1 |
|
|a Samuelson, Paul A.
|q (Paul Anthony),
|d 1915-2009
|9 5215
|
| 245 |
1 |
0 |
|a Microeconomics
|c Paul A. Samuelson, William D. Nordhaus
|
| 250 |
|
|
|a 16th edition
|
| 260 |
|
|
|a Boston
|b Irwin/McGraw - Hill
|c 1998
|
| 300 |
|
|
|a xxxi, 471 p.
|b fig., tab.
|c 26 cm.
|
| 504 |
|
|
|a Includes glossary of terms and index
|
| 650 |
|
4 |
|a Μικροοικονομική
|9 1787
|
| 700 |
1 |
|
|a Nordhaus, William D.
|9 5216
|
| 852 |
|
|
|a GR-PaULI
|b ΠΑΤΡΑ
|b ΒΚΠ
|b ΒΣ1
|k ΑΣΧΞ
|h 338.5 S
|m 041051
|p 025000004094
|t 1
|
| 942 |
|
|
|2 ddc
|c BK15
|
| 952 |
|
|
|0 0
|1 0
|4 0
|6 338_500000000000000_S
|7 0
|9 180462
|a LISP
|b LISP
|c BSC
|d 2016-04-24
|i 041051
|l 1
|m 1
|o 338.5 S
|p 025000004094
|r 2018-11-27 00:00:00
|s 2018-10-26
|t 1
|w 2016-04-24
|y BK15
|
| 998 |
|
|
|c ΗΛΙΟΠΟΥΛΟΥ
|d 1999-02
|
| 999 |
|
|
|c 111576
|d 111576
|